000 00340nam a22001337a 4500
008 180109b xxu||||| |||| 00| 0 eng d
020 _a9781929024681
041 _aeng
080 _a37
100 _a46
101 _aEDU
245 _aIMPROVING READING ACHIEVENMETN THEOUGH PROFESIONAL DEVELO[MENT
_cSTRICKLAND.D.S
942 _2udc
_cBK
999 _c39908
_d39908